Сравнительная характеристика декоративного эффекта в изделиях из стекла, выполненных в технологии фьюзинг, влияющие на дизайнопригодность изделий; Молодежь и современные информационные технологии

Dades bibliogràfiques
Parent link:Молодежь и современные информационные технологии.— 2018.— [С. 347-348]
Autor principal: Куценко Л. Е.
Autor corporatiu: Национальный исследовательский Томский политехнический университет Инженерная школа новых производственных технологий Отделение материаловедения
Altres autors: Кухта М. С. Мария Сергеевна (научный руководитель)
Sumari:Заглавие с титульного экрана
Idioma:rus
Publicat: 2018
Col·lecció:Компьютерная графика и дизайн
Matèries:
Accés en línia:http://earchive.tpu.ru/handle/11683/46487
Format: MixedMaterials Electrònic Capítol de llibre
KOHA link:https://koha.lib.tpu.ru/cgi-bin/koha/opac-detail.pl?biblionumber=626462

MARC

LEADER 00000naa2a2200000 4500
001 626462
005 20231101133419.0
035 |a (RuTPU)RU\TPU\conf\25840 
035 |a RU\TPU\conf\25818 
090 |a 626462 
100 |a 20180301d2018 k y0rusy50 ca 
101 0 |a rus 
102 |a RU 
105 |a y z 101zy 
135 |a drcn ---uucaa 
181 0 |a i  
182 0 |a b 
200 1 |a Сравнительная характеристика декоративного эффекта в изделиях из стекла, выполненных в технологии фьюзинг, влияющие на дизайнопригодность изделий  |f Л. Е. Куценко  |g науч. рук. М. С. Кухта 
203 |a Текст  |c электронный 
225 1 |a Компьютерная графика и дизайн 
230 |a 1 компьютерный файл (pdf; 443 Кb) 
300 |a Заглавие с титульного экрана 
320 |a [Библиогр.: с. 348 (4 назв.)] 
463 0 |0 (RuTPU)RU\TPU\conf\25518  |t Молодежь и современные информационные технологии  |o сборник трудов XV Международной научно-практической конференции студентов, аспирантов и молодых учёных, 04-07 декабря 2017 г., г. Томск  |f Национальный исследовательский Томский политехнический университет, Инженерная школа информационных технологий и робототехники ; под ред. С. С. Михалевич [и др.]  |v [С. 347-348]  |d 2018 
610 1 |a электронный ресурс 
610 1 |a труды учёных ТПУ 
610 1 |a сравнительная характеристика 
610 1 |a декоративная обработка 
610 1 |a стекло 
610 1 |a фьюзинг 
610 1 |a дизайн 
610 1 |a художественные изделия 
610 1 |a спекание 
610 1 |a декоративные изделия 
700 1 |a Куценко  |b Л. Е. 
702 1 |a Кухта  |b М. С.  |c специалист в области промышленного дизайна  |c профессор Томского политехнического университета, доктор философских наук  |f 1963-  |g Мария Сергеевна  |2 stltpush  |4 727 
712 0 2 |a Национальный исследовательский Томский политехнический университет  |b Инженерная школа новых производственных технологий  |b Отделение материаловедения  |h 7871  |2 stltpush  |3 (RuTPU)RU\TPU\col\23508 
801 2 |a RU  |b 63413507  |c 20201229  |g RCR 
856 4 |u http://earchive.tpu.ru/handle/11683/46487 
942 |c BK